| 000 | 01191nam a2200313 i 4500 | ||
|---|---|---|---|
| 001 | 184745 | ||
| 003 | ES-MaACL | ||
| 005 | 20231127094110.0 | ||
| 008 | 151125s2005 sp |||| | spa d | ||
| 020 | _a84-259-1297-0 | ||
| 080 | _a32(410.5) | ||
| 080 | _a342.25(410.5) | ||
| 100 | 1 |
_aEsteban Campos, Carlos Gustavo. _9158234 |
|
| 245 | 1 | 1 |
_a"Devolution" y forma de gobierno en Escocia / _cCarlos Gustavo Esteban Campos. |
| 260 |
_aMadrid : _bCentro de Estudios Políticos y Constitucionales, _c2005. |
||
| 300 |
_a349 p. ; _c22 cm. |
||
| 490 | 1 | _aEstudios constitucionales | |
| 500 | _aIncluye: Legislación. Jurisprudencia. Hansard... | ||
| 504 | _aBibliografía: p. 321-339. | ||
| 650 |
_aDescentralización administrativa- _zEscocia. _9158235 |
||
| 651 | 7 |
_aEscocia- _xPolítica y gobierno. _9158236 |
|
| 710 | 2 |
_aCentro de Estudios Políticos y Constitucionales (España) _92666 |
|
| 830 | 0 |
_aEstudios constitucionales _9180617 |
|
| 852 |
_aES-MaACL _jA-13647 _9191756 _bR.150870 _cDEPO1 _dOlim: N-6647 _hDonación: Luis Arriaga |
||
| 903 |
_923276 _aArriaga, José Luis _ednr |
||
| 942 |
_2udc _cMONOGRAFIA |
||
| 999 |
_c184745 _d184745 |
||